Některé otázky kolem částečné invalidity

Bibliographic Details
Main Author: Matějček, Julius, zomrel 1986 (Author)
Format: Article
Language:Czech
Subjects:

MARC

LEADER 00000nab a2200000 a 4500
001 vtls000316740
003 SK-MaSNL
005 20260303200137.0
008 111201c1978 xo 0 cze
015 |a SNBRB19rr/mm-uuuuu 
035 |a CL0006832 
040 |a SNKBUCL  |b slo  |c SNKBUCL  |e AACR2 
041 0 |a cze 
044 |a xo  |c SK 
080 |a 361/362  |2 1981 
100 1 |a Matějček, Julius,  |d zomrel 1986  |4 aut  |9 233489 
245 1 0 |a Některé otázky kolem částečné invalidity  |c Julius Matějček ; Julius Matejček 
650 0 7 |a invalidi čiastoční  |2 snkbucl  |9 1012865 
650 0 7 |a sociálne zabezpečenie  |2 snkbucl  |9 3720 
655 7 |a články z novín a časopisov  |2 snkbucl  |9 267496 
700 1 |a Matějček, Julius,  |d zomrel 1986  |4 aut  |9 233489 
773 0 |t Sociálna politika  |g Roč. 4, č. 1 (1978), s. 8-9 
850 |a Slovenská národná knižnica v Martine  |a MTA001 
852 |a SNK  |b KIS3GCP 
958 |a RK 
992 |a RBX 
999 |c 2166621  |d 2168551